Perspectives of Education Part I Transforming Education: (Record no. 212936)

MARC details
000 -LEADER
fixed length control field 00882nam a22002297a 4500
005 - DATE AND TIME OF LATEST TRANSACTION
control field 20250807121105.0
010 ## - LCCN (DPL NO)
LC control number ENG-146372
020 ## - INTERNATIONAL STANDARD BOOK NUMBER
Terms of availability 330.00
International Standard Book Number 9789361638565
035 ## - SYSTEM CONTROL NUMBER
System control number EN-129904
037 ## - SOURCE OF ACQUISITION
Source of stock number/acquisition DBAD
082 ## - DEWEY DECIMAL CLASSIFICATION NUMBER
Classification number 361.7630954
Edition number 1
245 ## - TITLE STATEMENT
Title Perspectives of Education Part I Transforming Education:
Remainder of title Perspectives on Modern Pedagogical Practices/
Statement of responsibility, etc Edited by S. Arockia Elizabeth Josephine...[et.al]
250 ## - EDITION STATEMENT
Edition statement 1
260 ## - PUBLICATION, DISTRIBUTION, ETC. (IMPRINT)
Place of publication, distribution, etc Tamil Nadu
Name of publisher, distributor, etc Stella Matutina College of Education
Date of publication, distribution, etc 2025
270 ## - ADDRESS
Address 86th Street, Kamarajar Salai, Ashok Nagar
City Tamil Nadu
Postal code 600083
Electronic mail address smcedn@gmail.com
300 ## - PHYSICAL DESCRIPTION
Extent 97p.
Dimensions 25cm(pb)
700 ## - ADDED ENTRY--PERSONAL NAME
Personal name M. Irudhaya Mary
Relator term Editor
9 (RLIN) 74400
700 ## - ADDED ENTRY--PERSONAL NAME
Personal name Josephine, Arockia Elizabeth
Relator term Editor
9 (RLIN) 83939
700 ## - ADDED ENTRY--PERSONAL NAME
Personal name Vayola, Sheeja
Relator term Editor
9 (RLIN) 83940
700 ## - ADDED ENTRY--PERSONAL NAME
Personal name B. Annapoorani
Relator term Editor
9 (RLIN) 83941
942 ## - ADDED ENTRY ELEMENTS (KOHA)
Source of classification or shelving scheme Dewey Decimal Classification
Item type English Books
Classification part 361.7630954
Call number suffix PER
Holdings
Withdrawn status Lost status Not for loan Collection code Home library Current library Date acquired Source of acquisition Cost, normal purchase price Full call number Barcode Copy number Cost, replacement price Koha item type
      Non-fiction Mobile Library Mobile Library 07/08/2025 Delivery of Books Act Division 330.00 361.7630954 PER EN-129904 1 330.00 English Books

© Delhi Public Library
Hit Counter
free hit counter